Vasemmistoliiton puheenjohtajat - Statistics

Yleistilastot
  • Tätä visaa on pelattu 13 kertaa
  • Keskiarvotulos 5 / 14
Vastaustilastot
Vuodet Puheenjohtajat % Oikein
2016-2024 Li Andersson
100%
1990-1998 Claes Andersson
83%
2024- Minja Koskela
75%
2009-2016 Paavo Arhinmäki
67%
1998-2006 Suvi-Anne Siimes
42%
1967-1979 Ele Alenius
33%
1979-1985 Kalevi Kivistö
33%
2006-2009 Martti Korhonen
25%
1985-1988 Esko Helle
17%
1946-1947 Jaakko William Keto
17%
1944-1946 Cay Sundström
8%
1944 Karl Harald Wiik
8%
1948-1967 Kusti Kulo
8%
1988-1990 Reijo Käkelä
8%
Ehtoja vastaavia visoja ei löytynyt
Tulosjakauma
Jokaisen tuloksen saaneiden osuus
Persentiili vastausten määrän mukaan
Tuloshistoriasi
Et ole pelannut tätä visaa